000 02099nam a22002537a 4500
999 _c63650
_d63650
003 Ge_BSU
005 20251121193930.0
008 251121s2025 ge ||||| |||| 00| 0 geo d
020 _a9789941839061
041 _ageo
080 _a502.7(072) :551.583 გ-21
245 _aგარემოსდაცვითი და აგრარული განათლება სკოლაში : დამხმარე სახელმძღვანელო ზოგადი განათლების დაწყებითი საფეხურის მასწავლებლებისთვის :
_b[8 წიგნად]. წიგნი 6, კლიმატის ცვლილება და ბუნებრივი საფრთხეების შემცირება /
_cსახელმძღვანელოს შექმნაზე მუშაობდნენ: მაია ბლიაძე, თეონა შუბლაძე, ნათია სარალიძე, მარიამ არჩუაძე; კომპლ. დავალებების შექმნაზე მუშაობდა მანანა ვარაზაშვილი; დიზაინერი თამარ გორჯოლაძე.
264 _aთბილისი,
_c2025.
300 _a146 გვ. :
_bილ. ;
_c30 სმ.
504 _aბიბლიოგრაფია: გვ. 146.
653 _aკლიმატის ცვლილება
700 _aბლიაძე, მაია
_eავტორი
_93279
700 _aშუბლაძე, თეონა
_eავტორი
_926287
700 _aსარალიძე, ნათია
_eავტორი
_926288
700 _aარჩუაძე, მარიამ
_eავტორი
_926289
700 _aვარაზაშვილი, მანანა
_eავტორი
_94332
700 _aგორჯოლაძე, თამარ,
_eდიზაინერი
_926290
942 _2udc
_cᲬᲘᲒᲜᲘ